| 000 | 00488nam a2200181Ia 4500 | ||
|---|---|---|---|
| 008 | 240925s9999 xx 000 0 und d | ||
| 020 | _a132700425 | ||
| 082 | _a519.40285 MAT | ||
| 100 | _aMathews, John H. | ||
| 245 | 0 | _aNumerical Methods Using MATLAB | |
| 250 | _a3rd | ||
| 260 |
_aNew Jersey: _bPrintice- Hall Int. _c,1999. |
||
| 300 |
_aviii,415 COSp. _bNA _fOriginal |
||
| 500 | _aIncludes Index | ||
| 600 | _aHumanities & Natural Science | ||
| 650 | _aMathematics | ||
| 942 | _cBK | ||
| 999 |
_c4904 _d4904 |
||